000 00464nam a2200169Ia 4500
999 _c29874
_d29874
003 OSt
005 20211108150519.0
008 190216s9999||||xx |||||||||||||| ||und||
040 _coclc
082 _a894.8123
_bURO/K
100 _aUroob
_96421
245 0 _aKunjammayum Koottukarum /
_cUroob
260 _bCalicut University,
_c1997.
_aCalicut:
300 _a107p
650 _aNovel
942 _cBK
_2ddc
_h894.8123
_iURO/K
_k894.8123
_mURO/K